| 000 | 01685cam a22004334i 4500 | ||
|---|---|---|---|
| 003 | PE-LiUPU | ||
| 005 | 20250731173218.0 | ||
| 008 | 1993 s1993 xxu rb 000 0 eng d | ||
| 020 | _a0826701175 | ||
| 035 | _aPE-LiUPU07354 | ||
| 040 |
_aPE-LiUPU _beng _cPE-LiUPU _erda |
||
| 082 | 0 | 4 |
_a223.107 _bR457h _223 |
| 100 | 1 |
_aReyburn, William D., _eautor. _95951 |
|
| 245 | 1 | 2 |
_aA handbook on the Book of Job / _cpor William D. Reyburn. |
| 264 | 1 |
_aNew York : _bUnited Bible Societies, _c1993. |
|
| 300 |
_a806 páginas ; _c23.5 cm |
||
| 336 |
_atext _2rdacontent |
||
| 337 |
_aunmediated _2rdamedia |
||
| 338 |
_avolume _2rdacarrier |
||
| 490 | 0 | _aUBS Handbook Series | |
| 504 | _aIncluye referencias bibliográficas (páginas 784-787) e indice. | ||
| 505 | 0 | _aProse introduction (Job 1:1–2:13) -- Job’s opening speech (3:1–26) -- First round of speeches (4:1–14:22) -- Second round of speeches (15:1–21:34) -- Third round of speeches (22:1–27:23) -- A poem about wisdom (28:1–28) -- Job’s final statement of his case (29:1–31:40) -- Elihu’s speeches (32:1–37:24) -- The LORD Addresses Job (38.1-41.34) -- The LORD Restores Job (42.1-17) | |
| 526 | _aSEG42 | ||
| 526 | _aSEG41 | ||
| 526 | _aSEG40 | ||
| 526 | _aSEG39 | ||
| 526 | _aP94 | ||
| 526 | _aP87 | ||
| 526 | _aP86 | ||
| 526 | _aP85 | ||
| 526 | _aP77 | ||
| 526 | _aP76 | ||
| 526 | _aP35 | ||
| 630 | 1 | 4 |
_aBiblia. _pJob _xCrítica, interpretación, etc. _9624 |
| 856 | 4 | 0 |
_uhttps://www.amazon.com/Handbook-Book-Job-HELPS-TRANSLATORS/dp/0826701175 _zAcceso en línea. |
| 942 |
_2ddc _cBK |
||
| 980 |
_81 _gALBERTO SANCHEZ Responsable de Automatización |
||
| 999 |
_c40974 _d40974 |
||